Collector electric machines of low power with optimized active zone; Korus 99; The 3th Russian-Korean International Symposium on Science and Technology; Vol. 2: Abstracts
| Parent link: | Korus 99.— , 1999 The 3th Russian-Korean International Symposium on Science and Technology: June 22 - 25, 1999, Tomsk/ Tomsk Polytechnic University (TPU) ; Novosibirsk State Technical University Vol. 2: Abstracts.— 1999.— P. 796 |
|---|---|
| Main Author: | |
| Other Authors: | |
| Language: | English |
| Published: |
1999
|
| Subjects: | |
| Format: | Book Chapter |
| KOHA link: | https://koha.lib.tpu.ru/cgi-bin/koha/opac-detail.pl?biblionumber=267255 |
MARC
| LEADER | 00000naa2a2200000 4500 | ||
|---|---|---|---|
| 001 | 267255 | ||
| 005 | 20231031223726.0 | ||
| 035 | |a (RuTPU)RU\TPU\book\290311 | ||
| 035 | |a RU\TPU\book\290310 | ||
| 090 | |a 267255 | ||
| 100 | |a 20140725d1999 k y0engy50 ba | ||
| 101 | 0 | |a eng | |
| 102 | |a RU | ||
| 200 | 1 | |a Collector electric machines of low power with optimized active zone |f R. F. Bekishev, S. I. Kachin | |
| 461 | 0 | |0 (RuTPU)RU\TPU\book\181596 |t Korus 99 |d 1999 | |
| 461 | |t The 3th Russian-Korean International Symposium on Science and Technology |o June 22 - 25, 1999, Tomsk |f Tomsk Polytechnic University (TPU) ; Novosibirsk State Technical University | ||
| 463 | 0 | |0 (RuTPU)RU\TPU\book\10965 |t Vol. 2: Abstracts |v P. 796 |d 1999 |p P. 444-807 | |
| 610 | 1 | |a труды учёных ТПУ | |
| 700 | 1 | |a Bekishev |b R. F. | |
| 701 | 1 | |a Kachin |b S. I. |c Specialist in the field of electrical engineering |c Professor of Tomsk Polytechnic University, Doctor of technical sciences |f 1954- |g Sergey Ilyich |2 stltpush |3 (RuTPU)RU\TPU\pers\32522 | |
| 801 | 1 | |a RU |b 63413507 |c 20140725 | |
| 801 | 2 | |a RU |b 63413507 |c 20140725 |g RCR | |
| 942 | |c BK | ||